000 01202nmm a2200385 a 4500
003 AR-X00000XY
005 20251128211917.0
008 157020s2003 ||||||||||||||000 | spa||
020 _a958-8101-13-1
040 _cAR-X00000XY
100 1 _aRomero Raffo, Manuel
245 1 0 _aMalikai, el canto del malirri
_bformas narrativas en un mito amazónico
250 _a1ª ed.
260 _aBogotá
_bCerec
_c2003
300 0 _a305 p.
_bil, fot. (algunas col.)
500 0 _aDonación de la Embajada de Colombia en Buenos Aires
500 0 _aIncluye glosario
500 0 _aLa obra consta de estudios realizados en base a investigaciones de campo realizadas por el autor en poblamientos curripaco de Colombia y Venezuela
504 _aContiene bibliografía en p. 298-300
650 4 _aLEYENDAS
650 4 _aABORIGENES SUDAMERICANOS
650 4 _aLITERATURA FOLKLORICA
650 4 _aETNOGRAFIA
650 4 _aCOSTUMBRES Y TRADICIONES
650 4 _aRITUALES
650 4 _aTRADICION ORAL
650 4 _aFESTIVIDADES
651 4 _aAmazonas
651 4 _aColombia
651 4 _aVenezuela
653 0 _aLITERATURA REGIONAL
653 0 _aMITOS
942 _cBK
998 _cNancy
999 _c21584
_d21584